| 000 | 00797nam a2200241 a 4500 | ||
|---|---|---|---|
| 005 | 20240314063647.0 | ||
| 008 | 140402s2005 mx r 000 0 spa d | ||
| 020 | _a8426134629 | ||
| 035 | _aUPN01000196784 | ||
| 049 | _aI | ||
| 050 | 4 |
_aPZ8.9 _bG8.3 |
|
| 100 | 1 |
_aGutman, Anne _932701 |
|
| 245 | 1 | 3 |
_aLa función de magia / _cAnne Gutman, Georg Hallensleben ; tr. Elodie Bourgeois. |
| 260 |
_aBarcelona, Esp. : _bJuventud, _c2005. |
||
| 300 |
_a[25] p. : _bprincipalmente il. col. |
||
| 534 |
_pTítulo original: _tLe spectacle de magie |
||
| 650 | 4 |
_aLibros y lectura para niños _92290 |
|
| 650 | 7 |
_aAnimales _vLiteratura infantil _2 _91061 |
|
| 650 | 4 |
_aCuentos infantiles estadounidenses _910762 |
|
| 700 | 1 |
_aHallensleben, Georg, _ecoaut. |
|
| 905 | _aInfantil | ||
| 999 |
_c168885 _d168885 |
||